000 00404nam a22001337a 4500
003 SGT
020 _a9788126714919
082 _a080
_bS95A
100 _aअग्रवाल, पुरुषोत्तम
245 _aसंस्कृति : वर्चस्व और प्रतिरोध
260 _bराजकमल प्रकाशन
_c1995
300 _a184
942 _2ddc
_cBK
999 _c31496
_d31496